000 01254nam a22002657a 4500
999 _c7676
_d7676
005 20191224041910.0
008 130214s2011 ck a grf 00010 spa d
020 _a9789588343556
040 _aCO-BoIAVH
_cCO-BoIAVH
041 0 _aspa
044 _ack
082 0 4 _a615.321
_bB51p
245 0 0 _aPautas para el conocimiento, conservación y uso sostenible de las plantas medicinales nativas en Colombia :
_bestrategia nacional para la conservación de plantas /
_cHenry Yesid Bernal, Hernando García Martínez, Germán Felipe Quevedo Sánchez editores.
260 _aBogotá :
_bInstituto de Investigación de Recursos Biológicos Alexander Von Humboldt,
_bMinisterio de Ambiente, Vivienda y Desarrollo Territorial,
_c2011.
300 _a232 p. :
_bil. ;
_c21 cm.
504 _aIncluye referencias bibliográficas
650 _aPlantas medicinales
_z Colombia.
650 4 _aDiversidad biológica
_z Colombia.
650 _aPlantas medicinales
_x Uso
_z Colombia.
650 _aPlantas medicinales
_x Cultivo
_x Costos
_z Colombia.
700 1 _aGarcía Martínez, Hernando,
_eed.
700 1 _aBernal, Henry Yesid,
_eed.
700 1 _aQuevedo Sánchez, Germán Felipe,
_eed.
942 _2ddc
_cLIBRO